000 01638nam a22004817a 4500
001 0038399
003 KOHA_MİRAKIL
005 20260210131025.0
007 ta
008 120910b1977 tu |||gr||||#||||0|tur |
040 _aTR-BiSEU
_btur
_cTR-BiSEU
_erda
041 0 _atur
044 _ctu
050 _aHD6796.7
_b.K88 1977
100 1 _aKutal, Gülten.
245 1 _aTeşkilatlanma sorunları ve başlıca faaliyetleri açısından Türkiyede işçi sendikacılığı (1960-1968)/
_cGülten Kutal ; Gülten Kutal.
264 1 _aİstanbul :
_bİstanbul Üniversitesi
_c1977
300 _aviii, 304 sayfa
336 _ametin
_btxt
_2rdacontent
337 _aaracısız
_bn
_2rdamedia
338 _acilt
_bnc
_2rdacarrier
490 1 _aİstanbul Üniversitesi yayın ;
_vno.
490 1 _a2314.
490 1 _aİktisat Fakültesi yayın ;
_vno.
490 1 _a393.
490 1 _aİktisat ve İçtimaiyat Enstitüsü yayın ;
_vno.
490 1 _a79.
490 1 _aSosyal Geliştirme ve Araştırma Enstitüsü yayın ;
_vno.
490 1 _a3.
500 _aTez (Doktora)-- İ.Ü, 1970.
500 _aKaynakça var.
650 0 _aLabor unions--Turkey.
_964060
650 0 _aİşçi sendikaları
_zTürkiye
_964059
830 1 _aİstanbul Üniversitesi yayın ;
_vno.
_912392
830 1 _a2314.
_971756
830 1 _aİktisat Fakültesi yayın ;
_vno.
_919578
830 1 _a393.
_942119
830 1 _aİktisat ve İçtimaiyat Enstitüsü yayın ;
_vno.
_971757
830 1 _a79.
_97849
830 1 _aSosyal Geliştirme ve Araştırma Enstitüsü yayın ;
_vno.
_971758
830 1 _a3.
_95553
942 _2lcc
_cBK
999 _c38235
_d38235